[Event "IRI-ch U12"]
[Site "Chess.com INT"]
[Date "2021.01.16"]
[Round "9"]
[White "Ghorbani, Arad"]
[Black "Adalatkhah, Mahdi"]
[Result "1-0"]
[WhiteElo "1399"]
[BlackElo "1635"]
[PlyCount "95"]
[EventDate "2021.01.16"]
[EventType "swiss"]
[EventRounds "11"]
[EventCountry "IRI"]
[SourceTitle "EXT 2022"]
[Source "ChessBase"]
[SourceDate "2021.10.06"]
[SourceVersion "1"]
[SourceVersionDate "2021.10.06"]
[SourceQuality "1"]

1. d4 Nf6 2. c4 e6 3. Nc3 Bb4 4. Nf3 b6 5. e3 Bb7 6. Bd3 Ne4 7. Qc2 f5 8. 0-0 Bxc3 9. bxc3 0-0 10. Nd2 Qh4 11. f3 Ng5 12. f4 Qg4 13. d5 Nf7 14. e4 Nd6 15. Ba3 Rf6 16. h3 Qh5 17. e5 Rg6 18. exd6 Qxh3 19. Nf3 Qg3 20. dxc7 Na6 21. Bd6 exd5 22. c5 bxc5 23. Rab1 Nb4 24. cxb4 c4 25. Bxf5 Rxd6 26. Bxh7+ Kh8 27. Ne5 Rf6 28. Rf3 Qh4 29. Rh3 Qxf4 30. Ng6+ Rxg6 31. Bxg6+ Kg8 32. Rf1 Qd4+ 33. Kh1 Qg4 34. Rh2 d4 35. Bh7+ Kh8 36. Be4+ Kg8 37. Bxb7 d3 38. Qd2 c3 39. Qxc3 Rf8 40. Qb3+ Qe6 41. Qxe6+ dxe6 42. Rxf8+ Kxf8 43. c8Q+ Kf7 44. Qd7+ Kf6 45. Rh3 e5 46. Rf3+ Kg5 47. Qf5+ Kh4 48. Rh3# 1-0